[Event "9. Forchheimer Sparkassen Open 2010"]
[Site "Forchheim"]
[Date "2010.10.02"]
[Round "3.37"]
[White "Tawdross, Peter"]
[Black "Stolzenwald, Karl-Heinz"]
[Result "0-1"]
[WhiteElo "1250"]
[BlackElo "1778"]
[PlyCount "56"]
[EventDate "2010.??.??"]
[WhiteTeam "vereinslos"]
[BlackTeam "Post-SV Memmingen e.V."]

1. e4 e6 2. e5 d5 3. d4 c5 4. c3 Nc6 5. Bb5 Bd7 6. Nf3 Nxe5 7. Bxd7+ Nxd7 8.
Qb3 Qb6 9. Qa4 Qc6 10. Qxc6 bxc6 11. Ne5 Nxe5 12. dxe5 d4 13. c4 Ne7 14. O-O h6
15. Nd2 Ng6 16. f4 Be7 17. b3 O-O 18. Ba3 f5 19. exf6 Rxf6 20. g3 Raf8 21. Ne4
Rf5 22. Rae1 e5 23. Nxc5 R8f7 24. g4 Rxf4 25. Rxf4 Rxf4 26. h3 Rf3 27. Kg2 Rc3
28. Re2 Nf4+ 0-1

[Event "9. Forchheimer Sparkassen Open 2010"]
[Site "Forchheim"]
[Date "2010.10.02"]
[Round "3.38"]
[White "Kraus, Sebastian"]
[Black "Kreutz, Daniel"]
[Result "0-1"]
[WhiteElo "1237"]
[BlackElo "1822"]
[PlyCount "72"]
[EventDate "2010.??.??"]
[WhiteTeam "SV Puschendorf 1949 e.V."]
[BlackTeam "Pulheimer Sport-Club 1924/57 e.V"]

1. e4 Nf6 2. Nc3 d5 3. d3 dxe4 4. dxe4 Qxd1+ 5. Kxd1 e5 6. Nf3 Bd6 7. Be3 O-O
8. Kd2 Nbd7 9. Rd1 Ng4 10. h3 Nxe3 11. Kxe3 Bc5+ 12. Ke2 f6 13. Rd2 Bb4 14. Kd1
Nc5 15. Bc4+ Be6 16. Bxe6+ Nxe6 17. Re1 Bxc3 18. bxc3 Rad8 19. g3 Nc5 20. Kc1
Rxd2 21. Nxd2 Rd8 22. f4 exf4 23. gxf4 Ne6 24. f5 Ng5 25. h4 Nf7 26. Nf3 Ne5
27. Nxe5 fxe5 28. Rg1 Kf7 29. Kb2 Kf6 30. Rg3 c5 31. Kb3 b5 32. Rd3 c4+ 33. Kb4
cxd3 34. cxd3 Rxd3 35. c4 bxc4 36. Kxc4 Rh3 0-1

[Event "9. Forchheimer Sparkassen Open 2010"]
[Site "Forchheim"]
[Date "2010.10.02"]
[Round "3.39"]
[White "Zischer, Andreas"]
[Black "Heger, Heinz"]
[Result "1-0"]
[WhiteElo "1585"]
[BlackElo "1111"]
[PlyCount "59"]
[EventDate "2010.??.??"]
[WhiteTeam "SK Leutershausen"]
[BlackTeam "SC Forchheim e.V."]

1. e4 e5 2. Nf3 Nc6 3. d4 exd4 4. Nxd4 d6 5. Bb5 Bd7 6. Nc3 Nge7 7. O-O Nxd4 8.
Bxd7+ Qxd7 9. Qxd4 Nc6 10. Qd1 O-O-O 11. Be3 Re8 12. a4 a6 13. Rb1 Nb4 14. Qd2
g6 15. Qd4 Be7 16. Qxb4 c5 17. Qc4 a5 18. Rfd1 Bf6 19. Nd5 Qe6 20. f3 Bd8 21.
b4 axb4 22. Rxb4 b6 23. Rdb1 Kd7 24. Qb5+ Kc8 25. Nxb6+ Bxb6 26. Qc6+ Kd8 27.
Rxb6 Ke7 28. Rb7+ Kf8 29. Bh6+ Kg8 30. Rb8 1-0

[Event "9. Forchheimer Sparkassen Open 2010"]
[Site "Forchheim"]
[Date "2010.10.02"]
[Round "3.40"]
[White "Richter, Tony"]
[Black "Schätzko, Wolfgang"]
[Result "1-0"]
[WhiteElo "1536"]
[BlackElo "1053"]
[PlyCount "65"]
[EventDate "2010.??.??"]
[WhiteTeam "Thüringer SV Triebes"]
[BlackTeam "SC Höchstadt/Aisch"]

1. d4 d5 2. e3 Bf5 3. Nf3 e6 4. Nbd2 Nc6 5. c3 Bd6 6. g3 Nf6 7. Nh4 Bg4 8. Qc2
Qd7 9. h3 Bh5 10. g4 Bg6 11. Nxg6 hxg6 12. f4 O-O-O 13. Nf3 Ne4 14. Bg2 f5 15.
g5 Na5 16. Nd2 Ng3 17. Rg1 Qb5 18. Nf3 c5 19. dxc5 Bxc5 20. b4 Bxe3 21. Bxe3
Nc4 22. Bd4 Na3 23. Qd1 Qc4 24. Ne5 Qc7 25. Qa4 Nc4 26. Kf2 Ne4+ 27. Bxe4 dxe4
28. Nxc4 Qxc4 29. Rg3 e5 30. Be3 Rd3 31. Qxa7 Rhd8 32. Qc5+ Qxc5 33. bxc5 1-0

[Event "9. Forchheimer Sparkassen Open 2010"]
[Site "Forchheim"]
[Date "2010.10.02"]
[Round "3.41"]
[White "Meier, Martin"]
[Black "Hess, Max"]
[Result "1-0"]
[WhiteElo "1068"]
[BlackElo "1532"]
[PlyCount "113"]
[EventDate "2010.??.??"]
[WhiteTeam "FC Ergolding 1932 e.V."]
[BlackTeam "Post-SV Memmingen e.V."]

1. c4 Nf6 2. Nc3 e5 3. e3 Nc6 4. b3 Bb4 5. Bb2 O-O 6. a3 Bxc3 7. Bxc3 d5 8. d4
exd4 9. exd4 Re8+ 10. Be2 Bg4 11. Qd3 Qe7 12. Nf3 Rad8 13. Ra2 Bxf3 14. Qxf3
dxc4 15. bxc4 Nxd4 16. Bxd4 Rxd4 17. O-O c6 18. h3 Qe4 19. Qc3 Red8 20. Re1 Qf5
21. a4 Ne4 22. Qc1 Qxf2+ 23. Kh2 Qg3+ 24. Kg1 Qc3 25. Qxc3 Nxc3 26. Ra3 Nxe2+
27. Rxe2 Rxc4 28. Rae3 g6 29. Re7 Rb4 30. Rf2 f5 31. a5 Rd1+ 32. Kh2 Ra1 33.
Rd2 Kf8 34. Rdd7 Re4 35. Rf7+ Ke8 36. Rxh7 Rae1 37. Rxb7 Re7 38. Rxa7 Rxa7 39.
Rxa7 Ra1 40. Rg7 Rxa5 41. Rxg6 c5 42. Rc6 Kd7 43. Rb6 c4 44. Rb1 c3 45. Rc1 Rc5
46. h4 Kd6 47. Kg3 Kd5 48. h5 Rc6 49. Kf4 Kd4 50. Kxf5 Kd3 51. g4 c2 52. g5 Kd2
53. Rg1 c1=Q 54. Rxc1 Rxc1 55. h6 Kd3 56. h7 Rc8 57. g6 1-0

[Event "9. Forchheimer Sparkassen Open 2010"]
[Site "Forchheim"]
[Date "2010.10.02"]
[Round "3.42"]
[White "Ulusoy, Tolga"]
[Black "Wichmann, Jörg"]
[Result "1-0"]
[WhiteElo "1993"]
[BlackElo "1208"]
[PlyCount "63"]
[EventDate "2010.??.??"]
[WhiteTeam "SC Noris-Tarrasch Nürnberg 1873"]
[BlackTeam "TSV Untersiemau"]

1. e4 e6 2. d4 d5 3. Nc3 Nf6 4. Bg5 Be7 5. e5 Nfd7 6. h4 h6 7. Qh5 Rf8 8. Bxe7
Qxe7 9. O-O-O Nb6 10. Rh3 Nc4 11. Bxc4 dxc4 12. Qg4 Rg8 13. d5 Qc5 14. Rf3 Na6
15. Qf4 Qe7 16. Qxc4 Qc5 17. Qf4 Qe7 18. d6 cxd6 19. Rxd6 g5 20. hxg5 Qxg5 21.
Nge2 Qxf4+ 22. Nxf4 b6 23. Ne4 Rg7 24. Nf6+ Ke7 25. Rg3 Rxg3 26. fxg3 Nc7 27.
Rc6 Nb5 28. a4 Nd4 29. Rc4 Nf5 30. g4 Nh4 31. Rc7+ Kd8 32. Rxf7 1-0

[Event "9. Forchheimer Sparkassen Open 2010"]
[Site "Forchheim"]
[Date "2010.10.02"]
[Round "3.43"]
[White "Eichschmied, Patrick"]
[Black "Müller, Roland"]
[Result "1-0"]
[WhiteElo "1821"]
[BlackElo "1661"]
[PlyCount "113"]
[EventDate "2010.??.??"]
[WhiteTeam "SV Haunwöhr SAbt"]
[BlackTeam "SV Lauf a.d.P."]

1. e4 g6 2. d4 Bg7 3. Nc3 d6 4. Be3 e5 5. dxe5 Bxe5 6. Qd2 Nd7 7. Bc4 Bg7 8.
Nge2 Ngf6 9. f3 O-O 10. O-O-O Re8 11. Bh6 Ne5 12. Bb3 Be6 13. h4 Kh8 14. Bxe6
Rxe6 15. Nd4 Re7 16. h5 Bxh6 17. Qxh6 Qf8 18. Qg5 Nxh5 19. Nd5 f6 20. Qh4 Rf7
21. g4 c6 22. gxh5 cxd5 23. exd5 g5 24. Qh3 f5 25. Ne6 Qh6 26. Kb1 Nc4 27. Rhe1
Qf6 28. Nd4 Ne5 29. Rf1 Nc4 30. Rfe1 Ne5 31. Qg2 Rg8 32. Qe2 Re7 33. Ne6 Rc8
34. Rd4 Rce8 35. Rdd1 Nc6 36. Qe3 Nd8 37. Qxa7 Nxe6 38. Rxe6 Rxe6 39. dxe6 Qxe6
40. Qxb7 Re7 41. Qb6 Kg7 42. a4 Rd7 43. a5 Qe7 44. Qb5 f4 45. Rd5 h6 46. Qd3
Qe6 47. a6 Qf6 48. Rb5 Qf7 49. Qd4+ Kh7 50. Qe4+ Kg7 51. Rb7 Rxb7 52. Qxb7 g4
53. Qxf7+ Kxf7 54. a7 g3 55. a8=Q g2 56. Qa7+ Kf6 57. Qg1 1-0

[Event "9. Forchheimer Sparkassen Open 2010"]
[Site "Forchheim"]
[Date "2010.10.02"]
[Round "3.44"]
[White "Strobl, Thomas"]
[Black "Hohner, Karl-Heinz"]
[Result "1/2-1/2"]
[WhiteElo "1790"]
[BlackElo "1949"]
[PlyCount "33"]
[EventDate "2010.??.??"]
[WhiteTeam "TSV 1860 Weißenburg e.V."]
[BlackTeam "vereinslos"]

1. e4 {[%emt 0:00:00]} e6 {[%emt 0:00:02]} 2. d4 {[%emt 0:00:02]} d5 {
[%emt 0:00:01]} 3. exd5 {[%emt 0:00:02]} exd5 {[%emt 0:00:01]} 4. Nf3 {
[%emt 0:00:02]} Nf6 {[%emt 0:00:02]} 5. Bd3 {[%emt 0:00:02]} Bd6 {
[%emt 0:00:03]} 6. O-O {[%emt 0:00:02]} O-O {[%emt 0:00:03]} 7. Bg5 {
[%emt 0:00:03]} h6 {[%emt 0:00:02]} 8. Be3 {[%emt 0:00:03]} Bg4 {[%emt 0:00:04]
} 9. Nbd2 {[%emt 0:00:02]} Re8 {[%emt 0:00:02]} 10. c3 {[%emt 0:00:04]} Ne4 {
[%emt 0:00:02]} 11. Qc2 {[%emt 0:00:02]} f5 {[%emt 0:00:02]} 12. Ne5 {
[%emt 0:00:02]} Nxd2 {[%emt 0:00:03]} 13. Bxd2 {[%emt 0:00:02]} Qf6 {
[%emt 0:00:04]} 14. Nxg4 {[%emt 0:00:02]} fxg4 {[%emt 0:00:02]} 15. Bh7+ {
[%emt 0:00:02]} Kh8 {[%emt 0:00:02]} 16. Rae1 {[%emt 0:00:05]} Nc6 {
[%emt 0:00:03]} 17. Qg6 {[%emt 0:00:03]} 1/2-1/2

[Event "9. Forchheimer Sparkassen Open 2010"]
[Site "Forchheim"]
[Date "2010.10.02"]
[Round "3.46"]
[White "Walter, Manfred"]
[Black "Diener, Carolin"]
[Result "1-0"]
[WhiteElo "1825"]
[BlackElo "1359"]
[PlyCount "123"]
[EventDate "2010.??.??"]
[WhiteTeam "SV Lauf a.d.P."]
[BlackTeam "SAbt TuS Makkabi Ffm"]

1. Nf3 d5 2. c4 e6 3. g3 Nf6 4. Bg2 Be7 5. O-O O-O 6. b3 Nbd7 7. Bb2 c6 8. d3
Bd6 9. Nbd2 e5 10. e4 Re8 11. Re1 h6 12. a3 Nc5 13. Qc2 d4 14. b4 Ne6 15. c5
Bc7 16. Nc4 Nd7 17. Nh4 Nef8 18. Nf5 Ng6 19. Nfd6 Bxd6 20. Nxd6 Rf8 21. Bh3 Qe7
22. Qe2 b6 23. Qg4 Rd8 24. Nxc8 Raxc8 25. cxb6 axb6 26. f4 Qf6 27. Qf5 Rb8 28.
Rac1 Qd6 29. Rf1 Ne7 30. Qh5 Nf6 31. Qxe5 Qxe5 32. fxe5 Nh7 33. Rc4 Ra8 34. Ra1
Ng6 35. Rxd4 Rxd4 36. Bxd4 b5 37. e6 Rd8 38. Bc5 Nf6 39. Bf5 Ne5 40. exf7+ Kxf7
41. d4 Nf3+ 42. Kg2 Ng5 43. Re1 Re8 44. e5 Nd5 45. Bd7 Rd8 46. e6+ Nxe6 47.
Bxe6+ Kf6 48. Bxd5 Rxd5 49. Re8 Rg5 50. Be7+ Kf5 51. Bxg5 Kxg5 52. Re6 Kf5 53.
Rxc6 Ke4 54. Rc5 Kxd4 55. Rxb5 Kc4 56. Rb7 Kb3 57. b5 Ka4 58. Kf3 Ka5 59. Ke4
g5 60. Kd5 h5 61. Kc5 h4 62. Ra7# 1-0

[Event "9. Forchheimer Sparkassen Open 2010"]
[Site "Forchheim"]
[Date "2010.10.02"]
[Round "3.47"]
[White "Winter, Christopher"]
[Black "Eisenschmid, Oliver"]
[Result "1/2-1/2"]
[WhiteElo "1750"]
[BlackElo "1293"]
[PlyCount "27"]
[EventDate "2010.??.??"]
[WhiteTeam "SV Haunwöhr SAbt"]
[BlackTeam "SV Haunwöhr SAbt"]

1. f4 Nf6 2. Nf3 g6 3. b3 Bg7 4. Bb2 O-O 5. e3 d6 6. d4 c5 7. dxc5 Qa5+ 8. Nbd2
Qxc5 9. Bd4 Qa5 10. Bd3 Nc6 11. Bb2 Bf5 12. Bxf5 Qxf5 13. O-O Ng4 14. Bxg7
1/2-1/2

[Event "9. Forchheimer Sparkassen Open 2010"]
[Site "Forchheim"]
[Date "2010.10.02"]
[Round "3.49"]
[White "Trefflich, Marcus"]
[Black "Wärtsch, Michael"]
[Result "0-1"]
[WhiteElo "1250"]
[BlackElo "1687"]
[PlyCount "82"]
[EventDate "2010.??.??"]
[WhiteTeam "vereinslos"]
[BlackTeam "SVigung Lüdenscheid e."]

1. e4 e6 2. d4 d5 3. e5 c5 4. c3 Qb6 5. dxc5 Bxc5 6. Nh3 Qc7 7. Bf4 Ne7 8. Bd3
Ng6 9. Bxg6 hxg6 10. b4 Be7 11. O-O Bd7 12. Na3 Qxc3 13. Nc2 Nc6 14. Bd2 Qxe5
15. b5 Nd8 16. a4 Qh5 17. Qxh5 Rxh5 18. Nf4 Rh4 19. g3 Rh8 20. Bc3 Rc8 21. Ne2
Bf6 22. Bxf6 gxf6 23. Rac1 e5 24. Nb4 Rxc1 25. Rxc1 Be6 26. Nc3 d4 27. Ncd5
Bxd5 28. Nxd5 f5 29. Nc7+ Kd7 30. a5 Ne6 31. b6 a6 32. Nxe6 Kxe6 33. Rc7 Rb8
34. Kf1 d3 35. Ke1 e4 36. f4 e3 37. Rc5 f6 38. Rc3 Rd8 39. Kd1 Rd4 40. Rc6+
bxc6 41. b7 Rb4 0-1

[Event "9. Forchheimer Sparkassen Open 2010"]
[Site "Forchheim"]
[Date "2010.10.02"]
[Round "3.50"]
[White "Killmann, Reinmar"]
[Black "Gottlieb, Michael"]
[Result "1-0"]
[WhiteElo "1648"]
[BlackElo "1201"]
[PlyCount "73"]
[EventDate "2010.??.??"]
[WhiteTeam "SC Forchheim e.V."]
[BlackTeam "SC Postbauer-Heng e.V"]

1. e4 e5 2. Nf3 Nc6 3. Bb5 d6 4. d4 exd4 5. Qxd4 Bd7 6. Bxc6 Bxc6 7. Bg5 Qd7 8.
Nc3 h6 9. Bh4 Ne7 10. O-O-O O-O-O 11. Qxa7 b6 12. Qa6+ Kb8 13. Qc4 g5 14. Bg3
f5 15. Ne5 Qe8 16. Nxc6+ Qxc6 17. Qxc6 Nxc6 18. exf5 Bg7 19. Nd5 Rhf8 20. Rhe1
Rxf5 21. Ne7 Nxe7 22. Rxe7 Bh8 23. Rh7 Rc5 24. Re1 Be5 25. Rxh6 Bxg3 26. hxg3
d5 27. Rhe6 d4 28. Re8 Rcd5 29. Rxd8+ Rxd8 30. f3 c5 31. b3 Rd5 32. f4 b5 33.
Kd2 c4 34. Re5 Rxe5 35. fxe5 Kc7 36. a4 bxa4 37. bxa4 1-0

[Event "9. Forchheimer Sparkassen Open 2010"]
[Site "Forchheim"]
[Date "2010.10.02"]
[Round "3.51"]
[White "Mann, Johannes"]
[Black "Klinkhammer, Christopher"]
[Result "1-0"]
[WhiteElo "1794"]
[BlackElo "1129"]
[PlyCount "47"]
[EventDate "2010.??.??"]
[WhiteTeam "SK Schweinfurt 2000 e.V."]
[BlackTeam "SG Siemens Amberg"]

1. e4 e5 2. Nc3 Nf6 3. Bc4 Bc5 4. d3 h6 5. Nf3 d6 6. O-O Bg4 7. Na4 Nc6 8. c3
Ne7 9. Nxc5 dxc5 10. h3 Bh5 11. Qa4+ c6 12. Qd1 Ng6 13. Qb3 Qd7 14. Qd1 Qc8 15.
Kh2 O-O 16. Be3 b6 17. Bb3 Nh4 18. Rg1 Ng4+ 19. hxg4 Qxg4 20. Nxe5 Qxd1 21.
Bxd1 Bxd1 22. Raxd1 f6 23. Nf3 Ng6 24. g3 1-0

[Event "9. Forchheimer Sparkassen Open 2010"]
[Site "Forchheim"]
[Date "2010.10.02"]
[Round "3.52"]
[White "Schneider, Jana"]
[Black "Spiegelhauer, Tilmann"]
[Result "0-1"]
[WhiteElo "1246"]
[BlackElo "1880"]
[PlyCount "114"]
[EventDate "2010.??.??"]
[WhiteTeam "Spvgg 1946 e.V. Stetten"]
[BlackTeam "SC Uttenreuth e.V."]

1. e4 e6 2. d4 d5 3. exd5 exd5 4. Nf3 Nf6 5. c4 Bb4+ 6. Bd2 Qe7+ 7. Ne5 O-O 8.
Bd3 Nc6 9. Bxb4 Qxb4+ 10. Qd2 Qxd2+ 11. Nxd2 Nxd4 12. O-O Be6 13. Rfe1 dxc4 14.
Ndxc4 Rfd8 15. Rad1 b5 16. Na3 a6 17. b3 c5 18. Nc2 Rac8 19. Nxd4 Rxd4 20. h3
Rdd8 21. Be2 Nd5 22. Bf3 Nc3 23. Bb7 Nxd1 24. Bxc8 Rxc8 25. Rxd1 c4 26. Nc6 Kf8
27. Nd4 Ke7 28. Re1 Kf6 29. Nxe6 fxe6 30. Rc1 c3 31. a3 a5 32. b4 axb4 33. axb4
Ke5 34. Kf1 Kd4 35. Ke2 Kc4 36. Rb1 Rd8 37. Ke3 Rd2 38. f4 Rxg2 39. Ke4 c2 40.
Rc1 Kxb4 41. Ke5 Kb3 42. Kxe6 Kb2 43. Rxc2+ Kxc2 44. f5 Kd3 45. f6 gxf6 46.
Kxf6 b4 47. h4 b3 48. h5 b2 49. h6 b1=R 50. Ke5 Rf1 51. Kd5 Re2 52. Kd6 Rd1 53.
Kd7 Kd2 54. Kd8 Ke1+ 55. Kc7 Rc2+ 56. Kb6 Rb1+ 57. Ka5 Ra2# 0-1

[Event "9. Forchheimer Sparkassen Open 2010"]
[Site "Forchheim"]
[Date "2010.10.02"]
[Round "3.54"]
[White "Hofmann, Paul"]
[Black "Lorenz, Dominik"]
[Result "1-0"]
[WhiteElo "1686"]
[BlackElo "927"]
[PlyCount "61"]
[EventDate "2010.??.??"]
[WhiteTeam "FC Ergolding 1932 e.V."]
[BlackTeam "SC Postbauer-Heng e.V"]

1. e4 c6 2. d4 e6 3. f4 d5 4. e5 f6 5. Nf3 Nd7 6. Bd3 b6 7. c3 Bb7 8. Qe2 Qc7
9. exf6 Ngxf6 10. Qxe6+ Be7 11. O-O Nf8 12. Qe2 O-O-O 13. Ne5 Bd6 14. Nd2 Re8
15. Ndf3 c5 16. Bd2 N8d7 17. Rae1 c4 18. Bf5 g6 19. Bh3 h5 20. Nxd7 Rxe2 21.
Nxf6+ Kb8 22. Rxe2 Bxf4 23. Re8+ Rxe8 24. Nxe8 Qf7 25. Re1 g5 26. Nxg5 Bxg5 27.
Bxg5 Bc6 28. Nd6 Qg6 29. Bh4 Qc2 30. Bg3 Qxb2 31. Nxc4+ 1-0

[Event "9. Forchheimer Sparkassen Open 2010"]
[Site "Forchheim"]
[Date "2010.10.02"]
[Round "3.55"]
[White "Braun, Kristin"]
[Black "Ertl, Helmut"]
[Result "1/2-1/2"]
[WhiteElo "1237"]
[BlackElo "1660"]
[PlyCount "160"]
[EventDate "2010.??.??"]
[WhiteTeam "SC Forchheim e.V."]
[BlackTeam "SV Deggendorf"]

1. e4 c5 2. Nf3 Nc6 3. Nc3 e6 4. d4 cxd4 5. Nxd4 d6 6. Bb5 Bd7 7. Bxc6 bxc6 8.
O-O Be7 9. Re1 c5 10. Nf3 Bc6 11. Qd3 Qc7 12. b3 Nf6 13. Bb2 Rd8 14. Rad1 Ng4
15. Nb5 Qb8 16. Na3 Bf6 17. Bxf6 gxf6 18. Qc3 Ke7 19. h3 Ne5 20. Nxe5 fxe5 21.
Nc4 Rhg8 22. f3 Qc7 23. Rd2 f6 24. Red1 d5 25. exd5 exd5 26. Ne3 d4 27. Qxc5+
Kf7 28. Nc4 Rd5 29. Qb4 Rb8 30. Qa3 a5 31. Qb2 Rg8 32. c3 a4 33. cxd4 axb3 34.
axb3 exd4 35. Rxd4 Qa7 36. Kh1 Rxd4 37. Qxd4 Qxd4 38. Rxd4 Rb8 39. b4 Ba4 40.
Nd6+ Ke6 41. f4 Rd8 42. Nb5 Rc8 43. Re4+ Kd5 44. Rd4+ Ke6 45. Nd6 Rc1+ 46. Kh2
Rc2 47. b5 Bb3 48. b6 Bd5 49. Ne4 Rb2 50. Nc5+ Kd6 51. Ne4+ Ke6 52. Rxd5 Kxd5
53. Nxf6+ Ke6 54. Nxh7 Kf5 55. Ng5 Kxf4 56. Ne6+ Ke5 57. Nc5 Kd5 58. Nd7 Kd6
59. Nf6 Rxb6 60. g4 Ke6 61. Nh5 Kf7 62. Kg3 Rh6 63. Nf4 Ra6 64. Kh4 Rh6+ 65.
Kg5 Ra6 66. Kh4 Rh6+ 67. Kg5 Ra6 68. Kh5 Ra5+ 69. g5 Rb5 70. h4 Ra5 71. Kh6 Ra4
72. g6+ Kg8 73. Kg5 Ra1 74. h5 Rg1+ 75. Kf5 Rf1 76. h6 Rh1 77. Kg5 Rg1+ 78. Kf5
Rh1 79. Kg5 Rg1+ 80. Kf6 Rh1 1/2-1/2

[Event "9. Forchheimer Sparkassen Open 2010"]
[Site "Forchheim"]
[Date "2010.10.02"]
[Round "3.56"]
[White "Kunkel, Heinrich"]
[Black "Hennig, Elmar"]
[Result "0-1"]
[WhiteElo "1206"]
[BlackElo "1644"]
[PlyCount "62"]
[EventDate "2010.??.??"]
[WhiteTeam "TuS 1863 Aschaffenb.Damm"]
[BlackTeam "TV Faulbach e.V. 1920"]

1. Nf3 Nf6 2. d4 g6 3. Bf4 Bg7 4. e3 O-O 5. Bc4 d5 6. Bd3 c5 7. c3 c4 8. Bc2
Nc6 9. O-O Nh5 10. Re1 Nxf4 11. exf4 Bg4 12. Re3 Qd6 13. Qe1 Qxf4 14. Nbd2 Bxf3
15. Rxf3 Qd6 16. Qe3 e6 17. b4 a6 18. Nb1 Qc7 19. Na3 b5 20. Re1 Qe7 21. Bb1
Rab8 22. Re2 a5 23. Nc2 axb4 24. cxb4 Nxb4 25. Qa3 Nc6 26. Qxe7 Nxe7 27. Nb4
Bxd4 28. Na6 Rb6 29. Nb4 Nc6 30. Nc2 Bg7 31. Ne3 Nd4 0-1

[Event "9. Forchheimer Sparkassen Open 2010"]
[Site "Forchheim"]
[Date "2010.10.02"]
[Round "3.57"]
[White "Schneider, Peter"]
[Black "Gebhardt, Andreas"]
[Result "1-0"]
[WhiteElo "1629"]
[BlackElo "1150"]
[PlyCount "137"]
[EventDate "2010.??.??"]
[WhiteTeam "TSV Kirchehrenbach"]
[BlackTeam "TSV Kirchehrenbach"]

1. Nf3 c5 2. e3 Nc6 3. d4 cxd4 4. exd4 d6 5. c4 Nf6 6. Nc3 e6 7. a3 d5 8. Bf4
Bd6 9. Bxd6 Qxd6 10. h3 O-O 11. Bd3 e5 12. dxe5 Nxe5 13. Nxe5 Qxe5+ 14. Qe2 Re8
15. O-O Qxe2 16. Nxe2 dxc4 17. Bxc4 Be6 18. Bxe6 Rxe6 19. Rfe1 Rae8 20. Kf1 Ne4
21. Rad1 Rf6 22. f3 Nd6 23. Nc3 Rxe1+ 24. Kxe1 g5 25. Rd4 a5 26. Rd5 Re6+ 27.
Kf2 Nc4 28. Rxg5+ Kf8 29. b3 Nxa3 30. Rxa5 Nc2 31. Rb5 Rc6 32. Ne4 b6 33. Rd5
Nb4 34. Rd6 Rc2+ 35. Kg3 b5 36. Rd4 Nc6 37. Rd5 b4 38. Rc5 Rxc5 39. Nxc5 Ne7
40. Kf2 Nd5 41. g3 Ke7 42. Ke2 Kd6 43. Nd3 Ke6 44. f4 h6 45. g4 f5 46. Kf3 Kf6
47. Kg3 Kg6 48. Kf3 h5 49. g5 Kf7 50. h4 Ke6 51. Ne5 Ne7 52. Nc4 Ng6 53. Kg3
Kd5 54. Ne3+ Kd4 55. Nxf5+ Kc3 56. Ne3 Kxb3 57. Nd5 Kc4 58. Nxb4 Kxb4 59. f5
Ne7 60. Kf4 Kc5 61. Ke5 Kc6 62. Ke6 Nxf5 63. Kxf5 Kd7 64. Kf6 Ke8 65. Kg7 Ke7
66. g6 Ke6 67. Kh7 Kf6 68. g7 Kf7 69. g8=Q+ 1-0

[Event "9. Forchheimer Sparkassen Open 2010"]
[Site "Forchheim"]
[Date "2010.10.02"]
[Round "3.58"]
[White "Buhl, Eberhard"]
[Black "Seidl, Josef"]
[Result "0-1"]
[WhiteElo "1186"]
[BlackElo "1335"]
[PlyCount "86"]
[EventDate "2010.??.??"]
[WhiteTeam "SC Forchheim e.V."]
[BlackTeam "TSV Kreuzberg"]

1. e4 c5 2. Nc3 a6 3. a4 d6 4. Nd5 e6 5. Ne3 Nf6 6. d3 Be7 7. Nc4 Nc6 8. Bd2
Bd7 9. Nf3 O-O 10. a5 Be8 11. Nb6 Rb8 12. Be2 Nd7 13. Nc4 d5 14. exd5 exd5 15.
Ne3 Nce5 16. Nxe5 Nxe5 17. O-O Bc6 18. f4 Ng6 19. f5 Nh4 20. g3 d4 21. Nc4 Qd5
22. Bf3 Nxf3+ 23. Rxf3 Qxf3 24. Qxf3 Bxf3 25. Kf2 Bd5 26. Nb6 Bc6 27. b3 f6 28.
c3 Rbd8 29. c4 Bd6 30. h4 h5 31. Re1 Rde8 32. Rg1 Re5 33. g4 hxg4 34. Rxg4
Rxf5+ 35. Rf4 Bxf4 36. Bxf4 Rxf4+ 37. Kg3 Rf3+ 38. Kg4 Rxd3 39. Kf5 Rxb3 40.
Kg4 d3 41. Nd5 Bxd5 42. cxd5 d2 43. Kf4 d1=Q 0-1

[Event "9. Forchheimer Sparkassen Open 2010"]
[Site "Forchheim"]
[Date "2010.10.02"]
[Round "3.59"]
[White "Pötzl, Alexander"]
[Black "Krissmann, Gordana"]
[Result "0-1"]
[WhiteElo "1150"]
[BlackElo "1313"]
[PlyCount "106"]
[EventDate "2010.??.??"]
[WhiteTeam "TSV Kirchehrenbach"]
[BlackTeam "SC-SF 1957 Stockstadt"]

1. e4 e5 2. Nf3 d6 3. Bc4 Be7 4. O-O Nc6 5. Nc3 Nf6 6. Nd5 Nxe4 7. Nxe7 Nxe7 8.
d3 Nf6 9. Ng5 d5 10. Bb3 O-O 11. f4 h6 12. fxe5 Nh7 13. Qh5 hxg5 14. Bxg5 Nxg5
15. Qxg5 Nf5 16. Qf4 c6 17. g4 Qb6+ 18. Rf2 Ne3 19. Re2 Nxg4+ 20. d4 Qd8 21. h3
Qh4 22. hxg4 Bxg4 23. Rg2 f5 24. Rh2 Qe7 25. c4 Rad8 26. cxd5 cxd5 27. Bd1 Bxd1
28. Rxd1 Rc8 29. Kg2 Rc2+ 30. Kf3 Rxh2 31. Qxh2 Qe6 32. Rh1 Qg6 33. Qh8+ Kf7
34. e6+ Qxe6 35. Qh5+ g6 36. Qh7+ Ke8 37. Rh6 Qe4+ 38. Kg3 f4+ 39. Kh4 f3+ 40.
Kh3 Qf5+ 41. Kh4 g5+ 42. Kh5 Qxh7 43. Rxh7 f2 44. Kxg5 f1=Q 45. Rg7 Qg1+ 46.
Kh6 Rh8+ 47. Rh7 Qh2+ 48. Kg7 Qxh7+ 49. Kf6 Qe7+ 50. Kf5 Rf8+ 51. Kg6 Qf7+ 52.
Kg5 Rg8+ 53. Kh6 Qg6# 0-1

[Event "9. Forchheimer Sparkassen Open 2010"]
[Site "Forchheim"]
[Date "2010.10.02"]
[Round "3.60"]
[White "Alka, Kurt"]
[Black "Meier, Hans"]
[Result "1-0"]
[WhiteElo "1303"]
[BlackElo "1095"]
[PlyCount "55"]
[EventDate "2010.??.??"]
[WhiteTeam "SC Erlangen 48/88"]
[BlackTeam "SV Aham"]

1. e4 e5 2. Nf3 Nc6 3. Nc3 Nf6 4. d4 exd4 5. Nxd4 Nxd4 6. Qxd4 h6 7. Bc4 d6 8.
Nd5 b6 9. Nxf6+ Qxf6 10. Qd5 Rb8 11. Bb5+ Kd8 12. Bc6 g6 13. c3 Bd7 14. Be3 Qe5
15. Bd4 Qxd5 16. exd5 Rh7 17. O-O Be7 18. Rfe1 Ke8 19. Bf6 Bxc6 20. Rxe7+ Kf8
21. dxc6 h5 22. Rxc7 Re8 23. Kf1 Re6 24. Rc8+ Re8 25. Rxe8+ Kxe8 26. Re1+ Kf8
27. c7 Rh6 28. c8=Q# 1-0

[Event "9. Forchheimer Sparkassen Open 2010"]
[Site "Forchheim"]
[Date "2010.10.03"]
[Round "4.1"]
[White "Wegmann, Sven"]
[Black "von der Linden, Armin"]
[Result "0-1"]
[WhiteElo "1659"]
[BlackElo "2013"]
[PlyCount "42"]
[EventDate "2010.??.??"]
[WhiteTeam "SC Erlangen 48/88"]
[BlackTeam "SF Zeiler Turm"]

1. e4 {[%emt 0:00:00]} c5 {[%emt 0:00:01]} 2. Nf3 {[%emt 0:00:02]} d6 {
[%emt 0:00:01]} 3. d4 {[%emt 0:00:02]} cxd4 {[%emt 0:00:02]} 4. Nxd4 {
[%emt 0:00:02]} Nf6 {[%emt 0:00:02]} 5. Nc3 {[%emt 0:00:02]} a6 {[%emt 0:00:01]
} 6. Be2 {[%emt 0:00:02]} e5 {[%emt 0:00:01]} 7. Nb3 {[%emt 0:00:02]} Be6 {
[%emt 0:00:01]} 8. Be3 {[%emt 0:00:02]} Nbd7 {[%emt 0:00:02]} 9. f4 {
[%emt 0:00:02]} Qc7 {[%emt 0:00:01]} 10. f5 {[%emt 0:00:02]} Bc4 {
[%emt 0:00:03]} 11. Bf3 {[%emt 0:00:02]} b5 {[%emt 0:00:01]} 12. a3 {
[%emt 0:00:02]} Nb6 {[%emt 0:00:05]} 13. Na5 {[%emt 0:00:11]} Na4 {
[%emt 0:00:02]} 14. Nxc4 {[%emt 0:00:05]} Nxc3 {[%emt 0:00:02]} 15. Qd2 {
[%emt 0:00:04]} Qxc4 {[%emt 0:00:01]} 16. Qxc3 {[%emt 0:00:02]} Rc8 {
[%emt 0:00:02]} 17. Qa5 {[%emt 0:00:04]} Qc6 {[%emt 0:00:03]} 18. O-O {
[%emt 0:00:03]} Nxe4 {[%emt 0:00:02]} 19. Bxe4 {[%emt 0:00:03]} Qxe4 {
[%emt 0:00:02]} 20. Rae1 {[%emt 0:00:45]} Rxc2 {[%emt 0:00:05]} 21. Bg5 {
[%emt 0:00:04]} Qxg2# {[%emt 0:00:02]} 0-1